000 00507nam a2200181Ia 4500
005 20250317120658.0
008 008 250317s9999 xx 000 0 eng d
037 _aTextbook
040 _aFMSL
_beng
_cFMSL
041 _aeng
_2eng
084 _aX:8D P3;3
_qFMSL
100 _aKolb R W
_9295697
245 0 _aFutures, options and swaps
260 _aUnited Kingdom
_bUnited Kingdom, Black Well
_c2003
300 _a156p
942 _cTB
_hX:8D P3;3
999 _c1239835
_d1239835